Au pays des Soviets (Record no. 32528)

000 -Guida (Record label)
Guida (Record label) 00501nam 22001933 4500
001 - Identificatore del record
Identificatore del record 32528
005 - Identificatore di versione
Identificatore di versione 20260415081142.0
010 ## - International Standard Book Number (ISBN)
Numero (ISBN) 2203003030
100 ## - Dati di elaborazione
Dati di elaborazione 20260415d e||y0itay50 ba
101 ## - Lingua di pubblicazione
Lingua del testo, traccia sonora, etc. francese
102 ## - Paese di pubblicazione o di produzione
Paese di pubblicazione Francia
200 ## - Titolo e formulazione responsabilità
Titolo proprio Au pays des Soviets
Complemento del titolo les aventures de Tintin, reporter du petit Vingtieme
Prima formulazione di responsabilità Hergé
210 ## - Area relativa al materiale specifico: pubblicazione, distribuzione etc.
Luogo di pubblicazione, distribuzione, etc. [Paris]
Nome dell'editore, distributore, etc. Casterman
Data di pubblicazione, distribuzione, etc. ©2006
215 ## - Descrizione fisica
Indicazione specifica del materiale ed estensione del documento 141 p.
Altre particolarità fisiche fumetti
Dimensioni 23 cm
300 ## - Note generali
Testo di nota Fascia d'età: 14-20
610 ## - Termini di soggetto non controllati
Termine di soggetto Fumetti
700 ## - Autore personale - responsabilità principale
Elemento principale Hergé
Codice interno Koha 69
090 ## - id koha
valore id 32528
942 ## - Informazioni aggiuntive
Koha item type Libro
Holdings
Ritiro della copia Copia smarrita Data di inventario Bib. proprietaria della copia Bib. che possiede o presta (holding branch) Codice a barre Inventario Collocazione Tipo di circolazione (non a prestito) Tipo della copia e materiale
Non ritirata Non persa 2026-04-15 Scaffale Circolante Scaffale Circolante 11094 SC-11094 R FR HER   Libro

Powered by Koha